Sheikh Mujib's 6-point formula : (Record no. 31520)

MARC details
000 -LEADER
fixed length control field 01198cam a2200361 a 4500
001 - CONTROL NUMBER
control field 3995227
003 - CONTROL NUMBER IDENTIFIER
control field BDDh-ASL
005 - DATE AND TIME OF LATEST TRANSACTION
control field 20231015031301.0
008 - FIXED-LENGTH DATA ELEMENTS--GENERAL INFORMATION
fixed length control field 960125s1995 pk 001 0 eng
010 ## - LIBRARY OF CONGRESS CONTROL NUMBER
LC control number 95930330
020 ## - INTERNATIONAL STANDARD BOOK NUMBER
International Standard Book Number 9694071763
025 ## - OVERSEAS ACQUISITION NUMBER
Overseas acquisition number P-E-020516
040 ## - CATALOGING SOURCE
Original cataloging agency DLC
Transcribing agency BDDh-ASL
Modifying agency DLC
041 ## - LANGUAGE CODE
Language code of text/sound track or separate title eng
042 ## - AUTHENTICATION CODE
Authentication code lcode
043 ## - GEOGRAPHIC AREA CODE
Geographic area code a-bg---
-- a-pk---
050 00 - LIBRARY OF CONGRESS CALL NUMBER
Classification number DS395.5
Item number .H83 1995
082 00 - DEWEY DECIMAL CLASSIFICATION NUMBER
Classification number 923.5492
Edition number 21
Item number HUS
100 1# - MAIN ENTRY--PERSONAL NAME
Personal name Humayun, Syed,
245 10 - TITLE STATEMENT
Title Sheikh Mujib's 6-point formula :
Remainder of title an analytical study of the breakup of Pakistan /
Statement of responsibility, etc. Syed Humayun.
246 3# - VARYING FORM OF TITLE
Title proper/short title Sheikh Mujib's six-point formula.
260 ## - PUBLICATION, DISTRIBUTION, ETC.
Place of publication, distribution, etc. Karachi, Pakistan :
Name of publisher, distributor, etc. Royal Book Co.,
Date of publication, distribution, etc. 1995.
300 ## - PHYSICAL DESCRIPTION
Extent 496 p. ;
Dimensions 23 cm.
504 ## - BIBLIOGRAPHY, ETC. NOTE
Bibliography, etc. note Includes bibliographical references (p. [457]-488) and index.
600 00 - SUBJECT ADDED ENTRY--PERSONAL NAME
Personal name Mujibur Rahman,
Titles and other words associated with a name Sheikh,
Dates associated with a name 1920-1975.
651 #0 - SUBJECT ADDED ENTRY--GEOGRAPHIC NAME
Geographic name Bangladesh
General subdivision History.
651 #0 - SUBJECT ADDED ENTRY--GEOGRAPHIC NAME
Geographic name Bangladesh
General subdivision History
Chronological subdivision Revolution, 1971.
651 #0 - SUBJECT ADDED ENTRY--GEOGRAPHIC NAME
Geographic name Pakistan
General subdivision History.
651 #0 - SUBJECT ADDED ENTRY--GEOGRAPHIC NAME
Geographic name Pakistan
General subdivision Politics and government.
906 ## - LOCAL DATA ELEMENT F, LDF (RLIN)
a 7
b cbc
c origode
d 3
e ncip
f 19
g y-gencatlg
942 ## - ADDED ENTRY ELEMENTS (KOHA)
Source of classification or shelving scheme Dewey Decimal Classification
Koha item type Books
Holdings
Withdrawn status Lost status Source of classification or shelving scheme Damaged status Not for loan Collection code Home library Current library Shelving location Date acquired Source of acquisition Total Checkouts Full call number Barcode Date last seen Copy number Price effective from Koha item type Public note
    Dewey Decimal Classification     Non-fiction Asiatic Society Library Asiatic Society Library Bangabondhu Collection 03/30/2023 Donated by Mr. Mofidul Hoque   923.5492 HUS 120204 03/30/2023 C-1 03/30/2023 Books Y-1995

Powered by Koha